书目信息 |
| 题名: |
小钱致富
|
|
| 作者: | 芭芭拉.欧奈尔 著 | |
| 分册: | ||
| 出版信息: | 海拉尔 内蒙古文化出版社 1997.08 |
|
| 页数: | 258页 | |
| 开本: | 32开 | |
| 丛书名: | ||
| 单 册: | ||
| 中图分类: | F832.48 | |
| 科图分类: | ||
| 主题词: | 金融 , ?0 , 安全学 , 银行 | |
| 电子资源: | ||
| ISBN: | 7-80506-556-X | |
| 000 | 00609nam0 2200229 45 | |
| 001 | 0003090984 | |
| 005 | 20000309093511.5 | |
| 010 | @a7-80506-556-X@d15.80元 | |
| 100 | @a20000309d1997 km y0chiy0120 ea | |
| 101 | @achi | |
| 105 | @a z 000yy | |
| 200 | 1 | @a小钱致富@AXiao Qian Zhi Fu@f芭芭拉.欧奈尔 著@FBa Ba La.Ou Nai Er Zhu |
| 210 | @a海拉尔@c内蒙古文化出版社@d1997.08 | |
| 215 | @a258页@d32开 | |
| 606 | 0 | @a金融 |
| 606 | 0 | @a?0 |
| 606 | @a安全学 | |
| 606 | 0 | @a银行 |
| 690 | @aF832.48@v3 | |
| 701 | @a芭芭拉.欧奈尔 @4著 | |
| 801 | @aCN@bPftUser@c20000309 | |
| 905 | @f1@b50085@dF832.48@eO221 | |
| 小钱致富/芭芭拉.欧奈尔 著.-海拉尔:内蒙古文化出版社,1997.08 |
| 258页;32开 |
| ISBN 7-80506-556-X:15.80元 |
| ● |
| 相关链接 |
|
|
|
正题名:小钱致富
索取号:F832.48/O221
 
预约/预借
| 序号 | 登录号 | 条形码 | 馆藏地/架位号 | 状态 | 备注 |
| 1 | 50085 | 200500859 | 社科库409/409社科库 54排3列2层/ [索取号:F832.48/O221] | 在馆 |